000 00799nam a2200253Ia 4500
008 191130s2007##################000#0#eng##
020 _a9780080467344
022 _a2007931574
040 _aACL
_cACL
082 _a333.794 DRE
100 _aDrennen, Thomas E
245 _aPathways to a hydrogen future
_cThomas E. Drennen, Jennifer E. Rosthal
250 _a1st ed
260 _aAmsterdam
_bElsevier
_c2007
300 _axiv, 288 p. : ill., maps ; 24 cm. + 1 CD-ROM (4 3/4 in.)
500 _aIncludes bibliographical references and index
650 _aEconomic forecasting
650 _aHydrogen as fuel
650 _aPower resources - Technological innovations
700 _aRosthal, Jennifer E
990 _a61cb4e84ac10000c249ac28bac4b7290
991 _a178168
999 _c32521
_d32521